000 00536nam a22001937a 4500
005 20251108171136.0
008 250721s1986 xx 000 0 ara d
082 1 4 _a291/عوض
100 1 _aمجازي، عوض الله جاد
245 1 0 _aمقارنة الأديان بين اليهودية و الإسلام /
250 _aط2
264 1 _aالقاهرة :
_c1986.
300 _a190ص
650 1 7 _aالدين المقارن
650 1 7 _aالإسلام
650 1 7 _aاليهود
942 _2ddc
_cBK
999 _c57673
_d57673